Rhizobium ở đậu phụng và sục sạc

Gorde:
Xehetasun bibliografikoak
Egile nagusia: Diệp Chấn Ben
Formatua: Liburua
Hizkuntza:Undetermined
Argitaratua: Cần Thơ Viện Đại Học Cần Thơ - Trường Cao Đẳng Nông Nghiệp 1973
Gaiak:
Etiketak: Etiketa erantsi
Etiketarik gabe, Izan zaitez lehena erregistro honi etiketa jartzen!
Thư viện lưu trữ: Trung tâm Học liệu Trường Đại học Cần Thơ
LEADER 00589nam a2200181Ia 4500
001 CTU_33531
008 210402s9999 xx 000 0 und d
082 |a 633.368 
082 |b B203 
100 |a Diệp Chấn Ben 
245 0 |a Rhizobium ở đậu phụng và sục sạc 
245 0 |c Diệp Chấn Ben 
260 |a Cần Thơ 
260 |b Viện Đại Học Cần Thơ - Trường Cao Đẳng Nông Nghiệp 
260 |c 1973 
650 |a peanuts - bacteriology 
904 |i Minh, 991101 
980 |a Trung tâm Học liệu Trường Đại học Cần Thơ